<?xml version="1.0" encoding="UTF-8"?>
<record
    xmlns:xsi="http://www.w3.org/2001/XMLSchema-instance"
    xsi:schemaLocation="http://www.loc.gov/MARC21/slim http://www.loc.gov/standards/marcxml/schema/MARC21slim.xsd"
    xmlns="http://www.loc.gov/MARC21/slim">

  <leader>00563    a2200229   4500</leader>
  <controlfield tag="001">109309</controlfield>
  <datafield tag="020" ind1=" " ind2=" ">
    <subfield code="a">9781770588493</subfield>
  </datafield>
  <datafield tag="041" ind1=" " ind2=" ">
    <subfield code="a">eng</subfield>
  </datafield>
  <datafield tag="082" ind1=" " ind2=" ">
    <subfield code="a">[E]</subfield>
  </datafield>
  <datafield tag="100" ind1=" " ind2=" ">
    <subfield code="a">Stewart, Michael F.</subfield>
  </datafield>
  <datafield tag="250" ind1=" " ind2=" ">
    <subfield code="a">. ed.</subfield>
  </datafield>
  <datafield tag="300" ind1=" " ind2=" ">
    <subfield code="a">24 p.</subfield>
  </datafield>
  <datafield tag="490" ind1=" " ind2=" ">
    <subfield code="a">Science and literacy</subfield>
  </datafield>
  <datafield tag="697" ind1=" " ind2=" ">
    <subfield code="a">Science - Year 2.</subfield>
  </datafield>
  <datafield tag="830" ind1=" " ind2=" ">
    <subfield code="a">Science and literacy</subfield>
  </datafield>
  <datafield tag="856" ind1=" " ind2=" ">
    <subfield code="u">000027/000027f5.jpg</subfield>
  </datafield>
  <datafield tag="040" ind1=" " ind2=" ">
    <subfield code="a">BR-BrIDEA</subfield>
    <subfield code="c">BR-BrIDEA</subfield>
  </datafield>
  <datafield tag="090" ind1=" " ind2=" ">
    <subfield code="a">AP Year 2 [E]</subfield>
    <subfield code="b">STE</subfield>
  </datafield>
  <datafield tag="245" ind1="1" ind2="0">
    <subfield code="a">Get moving</subfield>
    <subfield code="c"> Michael F Stewart</subfield>
  </datafield>
  <datafield tag="260" ind1=" " ind2=" ">
    <subfield code="a">Ont&#xE1;rio, Canada</subfield>
    <subfield code="b">Pearson Canada</subfield>
    <subfield code="c">2014</subfield>
  </datafield>
  <datafield tag="942" ind1=" " ind2=" ">
    <subfield code="c">BK</subfield>
  </datafield>
  <datafield tag="952" ind1=" " ind2=" ">
    <subfield code="0">0</subfield>
    <subfield code="1">0</subfield>
    <subfield code="2">ddc</subfield>
    <subfield code="4">0</subfield>
    <subfield code="7">0</subfield>
    <subfield code="a">12.27</subfield>
    <subfield code="b">12.27</subfield>
    <subfield code="d">2018-11-01</subfield>
    <subfield code="l">0</subfield>
    <subfield code="o">AP Year 2 [E] STE</subfield>
    <subfield code="p">00038325AGC</subfield>
    <subfield code="r">2024-01-23 14:41:16</subfield>
    <subfield code="w">2024-01-23</subfield>
    <subfield code="y">TXB</subfield>
  </datafield>
  <datafield tag="952" ind1=" " ind2=" ">
    <subfield code="0">0</subfield>
    <subfield code="1">0</subfield>
    <subfield code="2">ddc</subfield>
    <subfield code="4">0</subfield>
    <subfield code="7">0</subfield>
    <subfield code="a">12.27</subfield>
    <subfield code="b">12.27</subfield>
    <subfield code="d">2018-11-01</subfield>
    <subfield code="l">0</subfield>
    <subfield code="o">AP Year 2 [E] STE</subfield>
    <subfield code="p">00038326AGC</subfield>
    <subfield code="r">2024-01-23 14:41:16</subfield>
    <subfield code="w">2024-01-23</subfield>
    <subfield code="y">TXB</subfield>
  </datafield>
  <datafield tag="952" ind1=" " ind2=" ">
    <subfield code="0">0</subfield>
    <subfield code="1">0</subfield>
    <subfield code="2">ddc</subfield>
    <subfield code="4">0</subfield>
    <subfield code="7">0</subfield>
    <subfield code="a">12.27</subfield>
    <subfield code="b">12.27</subfield>
    <subfield code="d">2018-11-01</subfield>
    <subfield code="l">1</subfield>
    <subfield code="o">AP Year 2 [E] STE</subfield>
    <subfield code="p">00038329AGC</subfield>
    <subfield code="q">2024-11-29</subfield>
    <subfield code="r">2024-05-20 17:00:40</subfield>
    <subfield code="s">2024-05-20</subfield>
    <subfield code="w">2024-01-23</subfield>
    <subfield code="y">TXB</subfield>
  </datafield>
  <datafield tag="952" ind1=" " ind2=" ">
    <subfield code="0">0</subfield>
    <subfield code="1">0</subfield>
    <subfield code="2">ddc</subfield>
    <subfield code="4">0</subfield>
    <subfield code="7">0</subfield>
    <subfield code="a">12.27</subfield>
    <subfield code="b">12.27</subfield>
    <subfield code="d">2018-05-22</subfield>
    <subfield code="l">1</subfield>
    <subfield code="o">AP Year 2 [E] STE</subfield>
    <subfield code="p">00036877AGC</subfield>
    <subfield code="q">2024-11-29</subfield>
    <subfield code="r">2024-05-20 16:59:01</subfield>
    <subfield code="s">2024-05-20</subfield>
    <subfield code="w">2024-01-23</subfield>
    <subfield code="y">TXB</subfield>
  </datafield>
  <datafield tag="952" ind1=" " ind2=" ">
    <subfield code="0">0</subfield>
    <subfield code="1">0</subfield>
    <subfield code="2">ddc</subfield>
    <subfield code="4">0</subfield>
    <subfield code="7">0</subfield>
    <subfield code="a">12.27</subfield>
    <subfield code="b">12.27</subfield>
    <subfield code="d">2018-05-22</subfield>
    <subfield code="l">1</subfield>
    <subfield code="o">AP Year 2 [E] STE</subfield>
    <subfield code="p">00036882AGC</subfield>
    <subfield code="q">2024-11-29</subfield>
    <subfield code="r">2024-05-20 17:00:03</subfield>
    <subfield code="s">2024-05-20</subfield>
    <subfield code="w">2024-01-23</subfield>
    <subfield code="y">TXB</subfield>
  </datafield>
  <datafield tag="952" ind1=" " ind2=" ">
    <subfield code="0">0</subfield>
    <subfield code="1">0</subfield>
    <subfield code="2">ddc</subfield>
    <subfield code="4">0</subfield>
    <subfield code="7">0</subfield>
    <subfield code="a">12.27</subfield>
    <subfield code="b">12.27</subfield>
    <subfield code="d">2018-11-01</subfield>
    <subfield code="l">1</subfield>
    <subfield code="o">AP Year 2 [E] STE</subfield>
    <subfield code="p">00038324AGC</subfield>
    <subfield code="q">2024-11-29</subfield>
    <subfield code="r">2024-05-20 16:59:32</subfield>
    <subfield code="s">2024-05-20</subfield>
    <subfield code="w">2024-01-23</subfield>
    <subfield code="y">TXB</subfield>
  </datafield>
  <datafield tag="952" ind1=" " ind2=" ">
    <subfield code="0">0</subfield>
    <subfield code="1">0</subfield>
    <subfield code="2">ddc</subfield>
    <subfield code="4">0</subfield>
    <subfield code="7">0</subfield>
    <subfield code="a">12.27</subfield>
    <subfield code="b">12.27</subfield>
    <subfield code="d">2018-11-01</subfield>
    <subfield code="l">1</subfield>
    <subfield code="o">AP Year 2 [E] STE</subfield>
    <subfield code="p">00038327AGC</subfield>
    <subfield code="q">2024-11-29</subfield>
    <subfield code="r">2024-05-20 16:57:46</subfield>
    <subfield code="s">2024-05-20</subfield>
    <subfield code="w">2024-01-23</subfield>
    <subfield code="y">TXB</subfield>
  </datafield>
  <datafield tag="952" ind1=" " ind2=" ">
    <subfield code="0">0</subfield>
    <subfield code="1">0</subfield>
    <subfield code="2">ddc</subfield>
    <subfield code="4">0</subfield>
    <subfield code="7">0</subfield>
    <subfield code="a">12.27</subfield>
    <subfield code="b">12.27</subfield>
    <subfield code="d">2018-05-22</subfield>
    <subfield code="l">0</subfield>
    <subfield code="o">AP Year 2 [E] STE</subfield>
    <subfield code="p">00036879AGC</subfield>
    <subfield code="r">2024-01-23 14:41:17</subfield>
    <subfield code="w">2024-01-23</subfield>
    <subfield code="y">TXB</subfield>
  </datafield>
  <datafield tag="952" ind1=" " ind2=" ">
    <subfield code="0">0</subfield>
    <subfield code="1">0</subfield>
    <subfield code="2">ddc</subfield>
    <subfield code="4">0</subfield>
    <subfield code="7">0</subfield>
    <subfield code="a">12.28</subfield>
    <subfield code="b">12.28</subfield>
    <subfield code="d">2016-10-21</subfield>
    <subfield code="l">0</subfield>
    <subfield code="o">P Year 2 [E]</subfield>
    <subfield code="p">00024962SSW</subfield>
    <subfield code="r">2024-01-23 14:41:17</subfield>
    <subfield code="w">2024-01-23</subfield>
    <subfield code="y">TXB</subfield>
  </datafield>
  <datafield tag="952" ind1=" " ind2=" ">
    <subfield code="0">0</subfield>
    <subfield code="1">0</subfield>
    <subfield code="2">ddc</subfield>
    <subfield code="4">0</subfield>
    <subfield code="7">0</subfield>
    <subfield code="a">12.28</subfield>
    <subfield code="b">12.28</subfield>
    <subfield code="d">2016-10-21</subfield>
    <subfield code="l">0</subfield>
    <subfield code="o">P Year 2 [E]</subfield>
    <subfield code="p">00024965SSW</subfield>
    <subfield code="r">2024-01-23 14:41:17</subfield>
    <subfield code="w">2024-01-23</subfield>
    <subfield code="y">TXB</subfield>
  </datafield>
  <datafield tag="952" ind1=" " ind2=" ">
    <subfield code="0">0</subfield>
    <subfield code="1">0</subfield>
    <subfield code="2">ddc</subfield>
    <subfield code="4">0</subfield>
    <subfield code="7">0</subfield>
    <subfield code="a">12.28</subfield>
    <subfield code="b">12.28</subfield>
    <subfield code="d">2016-10-21</subfield>
    <subfield code="l">0</subfield>
    <subfield code="o">P Year 2 [E]</subfield>
    <subfield code="p">00024970SSW</subfield>
    <subfield code="r">2024-01-23 14:41:17</subfield>
    <subfield code="w">2024-01-23</subfield>
    <subfield code="y">TXB</subfield>
  </datafield>
  <datafield tag="952" ind1=" " ind2=" ">
    <subfield code="0">0</subfield>
    <subfield code="1">0</subfield>
    <subfield code="2">ddc</subfield>
    <subfield code="4">0</subfield>
    <subfield code="7">0</subfield>
    <subfield code="a">12.28</subfield>
    <subfield code="b">12.28</subfield>
    <subfield code="d">2016-10-21</subfield>
    <subfield code="l">0</subfield>
    <subfield code="o">P Year 2 [E]</subfield>
    <subfield code="p">00024973SSW</subfield>
    <subfield code="r">2024-01-23 14:41:17</subfield>
    <subfield code="w">2024-01-23</subfield>
    <subfield code="y">TXB</subfield>
  </datafield>
  <datafield tag="952" ind1=" " ind2=" ">
    <subfield code="0">0</subfield>
    <subfield code="1">0</subfield>
    <subfield code="2">ddc</subfield>
    <subfield code="4">0</subfield>
    <subfield code="7">0</subfield>
    <subfield code="a">12.28</subfield>
    <subfield code="b">12.28</subfield>
    <subfield code="d">2016-10-21</subfield>
    <subfield code="l">0</subfield>
    <subfield code="o">P Year 2 [E]</subfield>
    <subfield code="p">00024978SSW</subfield>
    <subfield code="r">2024-01-23 14:41:17</subfield>
    <subfield code="w">2024-01-23</subfield>
    <subfield code="y">TXB</subfield>
  </datafield>
  <datafield tag="952" ind1=" " ind2=" ">
    <subfield code="0">0</subfield>
    <subfield code="1">0</subfield>
    <subfield code="2">ddc</subfield>
    <subfield code="4">0</subfield>
    <subfield code="7">0</subfield>
    <subfield code="a">12.27</subfield>
    <subfield code="b">12.27</subfield>
    <subfield code="d">2018-05-22</subfield>
    <subfield code="l">0</subfield>
    <subfield code="o">AP Year 2 [E] STE</subfield>
    <subfield code="p">00036878AGC</subfield>
    <subfield code="r">2024-01-23 14:41:17</subfield>
    <subfield code="w">2024-01-23</subfield>
    <subfield code="y">TXB</subfield>
  </datafield>
  <datafield tag="952" ind1=" " ind2=" ">
    <subfield code="0">0</subfield>
    <subfield code="1">0</subfield>
    <subfield code="2">ddc</subfield>
    <subfield code="4">0</subfield>
    <subfield code="7">0</subfield>
    <subfield code="a">12.27</subfield>
    <subfield code="b">12.27</subfield>
    <subfield code="d">2018-05-22</subfield>
    <subfield code="l">0</subfield>
    <subfield code="o">AP Year 2 [E] STE</subfield>
    <subfield code="p">00036881AGC</subfield>
    <subfield code="r">2024-01-23 14:41:17</subfield>
    <subfield code="w">2024-01-23</subfield>
    <subfield code="y">TXB</subfield>
  </datafield>
  <datafield tag="952" ind1=" " ind2=" ">
    <subfield code="0">0</subfield>
    <subfield code="1">0</subfield>
    <subfield code="2">ddc</subfield>
    <subfield code="4">0</subfield>
    <subfield code="7">0</subfield>
    <subfield code="a">12.28</subfield>
    <subfield code="b">12.28</subfield>
    <subfield code="d">2016-10-21</subfield>
    <subfield code="l">0</subfield>
    <subfield code="o">P Year 2 [E]</subfield>
    <subfield code="p">00024964SSW</subfield>
    <subfield code="r">2024-01-23 14:41:17</subfield>
    <subfield code="w">2024-01-23</subfield>
    <subfield code="y">TXB</subfield>
  </datafield>
  <datafield tag="952" ind1=" " ind2=" ">
    <subfield code="0">0</subfield>
    <subfield code="1">0</subfield>
    <subfield code="2">ddc</subfield>
    <subfield code="4">0</subfield>
    <subfield code="7">0</subfield>
    <subfield code="a">12.28</subfield>
    <subfield code="b">12.28</subfield>
    <subfield code="d">2016-10-21</subfield>
    <subfield code="l">0</subfield>
    <subfield code="o">P Year 2 [E]</subfield>
    <subfield code="p">00024967SSW</subfield>
    <subfield code="r">2024-01-23 14:41:17</subfield>
    <subfield code="w">2024-01-23</subfield>
    <subfield code="y">TXB</subfield>
  </datafield>
  <datafield tag="952" ind1=" " ind2=" ">
    <subfield code="0">0</subfield>
    <subfield code="1">0</subfield>
    <subfield code="2">ddc</subfield>
    <subfield code="4">0</subfield>
    <subfield code="7">0</subfield>
    <subfield code="a">12.28</subfield>
    <subfield code="b">12.28</subfield>
    <subfield code="d">2016-10-21</subfield>
    <subfield code="l">0</subfield>
    <subfield code="o">P Year 2 [E]</subfield>
    <subfield code="p">00024972SSW</subfield>
    <subfield code="r">2024-01-23 14:41:17</subfield>
    <subfield code="w">2024-01-23</subfield>
    <subfield code="y">TXB</subfield>
  </datafield>
  <datafield tag="952" ind1=" " ind2=" ">
    <subfield code="0">0</subfield>
    <subfield code="1">0</subfield>
    <subfield code="2">ddc</subfield>
    <subfield code="4">0</subfield>
    <subfield code="7">0</subfield>
    <subfield code="a">12.28</subfield>
    <subfield code="b">12.28</subfield>
    <subfield code="d">2016-10-21</subfield>
    <subfield code="l">0</subfield>
    <subfield code="o">P Year 2 [E]</subfield>
    <subfield code="p">00024975SSW</subfield>
    <subfield code="r">2024-01-23 14:41:17</subfield>
    <subfield code="w">2024-01-23</subfield>
    <subfield code="y">TXB</subfield>
  </datafield>
  <datafield tag="952" ind1=" " ind2=" ">
    <subfield code="0">0</subfield>
    <subfield code="1">0</subfield>
    <subfield code="2">ddc</subfield>
    <subfield code="4">0</subfield>
    <subfield code="7">0</subfield>
    <subfield code="a">12.27</subfield>
    <subfield code="b">12.27</subfield>
    <subfield code="d">2018-11-01</subfield>
    <subfield code="l">1</subfield>
    <subfield code="o">AP Year 2 [E] STE</subfield>
    <subfield code="p">00038328AGC</subfield>
    <subfield code="q">2024-11-29</subfield>
    <subfield code="r">2024-05-20 16:58:37</subfield>
    <subfield code="s">2024-05-20</subfield>
    <subfield code="w">2024-01-23</subfield>
    <subfield code="y">TXB</subfield>
  </datafield>
  <datafield tag="952" ind1=" " ind2=" ">
    <subfield code="0">0</subfield>
    <subfield code="1">0</subfield>
    <subfield code="2">ddc</subfield>
    <subfield code="4">0</subfield>
    <subfield code="7">0</subfield>
    <subfield code="a">12.27</subfield>
    <subfield code="b">12.27</subfield>
    <subfield code="d">2018-05-22</subfield>
    <subfield code="l">1</subfield>
    <subfield code="o">AP Year 2 [E] STE</subfield>
    <subfield code="p">00036880AGC</subfield>
    <subfield code="q">2024-11-29</subfield>
    <subfield code="r">2024-05-20 16:58:09</subfield>
    <subfield code="s">2024-05-20</subfield>
    <subfield code="w">2024-01-23</subfield>
    <subfield code="y">TXB</subfield>
  </datafield>
  <datafield tag="952" ind1=" " ind2=" ">
    <subfield code="0">0</subfield>
    <subfield code="1">0</subfield>
    <subfield code="2">ddc</subfield>
    <subfield code="4">0</subfield>
    <subfield code="7">0</subfield>
    <subfield code="a">12.28</subfield>
    <subfield code="b">12.28</subfield>
    <subfield code="d">2016-10-21</subfield>
    <subfield code="l">0</subfield>
    <subfield code="o">P Year 2 [E]</subfield>
    <subfield code="p">00024961SSW</subfield>
    <subfield code="r">2024-01-23 14:41:17</subfield>
    <subfield code="w">2024-01-23</subfield>
    <subfield code="y">TXB</subfield>
  </datafield>
  <datafield tag="952" ind1=" " ind2=" ">
    <subfield code="0">0</subfield>
    <subfield code="1">0</subfield>
    <subfield code="2">ddc</subfield>
    <subfield code="4">0</subfield>
    <subfield code="7">0</subfield>
    <subfield code="a">12.28</subfield>
    <subfield code="b">12.28</subfield>
    <subfield code="d">2016-10-21</subfield>
    <subfield code="l">0</subfield>
    <subfield code="o">P Year 2 [E]</subfield>
    <subfield code="p">00024966SSW</subfield>
    <subfield code="r">2024-01-23 14:41:17</subfield>
    <subfield code="w">2024-01-23</subfield>
    <subfield code="y">TXB</subfield>
  </datafield>
  <datafield tag="952" ind1=" " ind2=" ">
    <subfield code="0">0</subfield>
    <subfield code="1">0</subfield>
    <subfield code="2">ddc</subfield>
    <subfield code="4">0</subfield>
    <subfield code="7">0</subfield>
    <subfield code="a">12.28</subfield>
    <subfield code="b">12.28</subfield>
    <subfield code="d">2016-10-21</subfield>
    <subfield code="l">0</subfield>
    <subfield code="o">P Year 2 [E]</subfield>
    <subfield code="p">00024969SSW</subfield>
    <subfield code="r">2024-01-23 14:41:17</subfield>
    <subfield code="w">2024-01-23</subfield>
    <subfield code="y">TXB</subfield>
  </datafield>
  <datafield tag="952" ind1=" " ind2=" ">
    <subfield code="0">0</subfield>
    <subfield code="1">0</subfield>
    <subfield code="2">ddc</subfield>
    <subfield code="4">0</subfield>
    <subfield code="7">0</subfield>
    <subfield code="a">12.28</subfield>
    <subfield code="b">12.28</subfield>
    <subfield code="d">2016-10-21</subfield>
    <subfield code="l">0</subfield>
    <subfield code="o">P Year 2 [E]</subfield>
    <subfield code="p">00024974SSW</subfield>
    <subfield code="r">2024-01-23 14:41:17</subfield>
    <subfield code="w">2024-01-23</subfield>
    <subfield code="y">TXB</subfield>
  </datafield>
  <datafield tag="952" ind1=" " ind2=" ">
    <subfield code="0">0</subfield>
    <subfield code="1">0</subfield>
    <subfield code="2">ddc</subfield>
    <subfield code="4">0</subfield>
    <subfield code="7">0</subfield>
    <subfield code="a">12.28</subfield>
    <subfield code="b">12.28</subfield>
    <subfield code="d">2016-10-21</subfield>
    <subfield code="l">0</subfield>
    <subfield code="o">P Year 2 [E]</subfield>
    <subfield code="p">00024977SSW</subfield>
    <subfield code="r">2024-01-23 14:41:17</subfield>
    <subfield code="w">2024-01-23</subfield>
    <subfield code="y">TXB</subfield>
  </datafield>
  <datafield tag="952" ind1=" " ind2=" ">
    <subfield code="0">0</subfield>
    <subfield code="1">0</subfield>
    <subfield code="2">ddc</subfield>
    <subfield code="4">0</subfield>
    <subfield code="7">0</subfield>
    <subfield code="a">12.28</subfield>
    <subfield code="b">12.28</subfield>
    <subfield code="d">2016-10-21</subfield>
    <subfield code="l">0</subfield>
    <subfield code="o">P Year 2 [E]</subfield>
    <subfield code="p">00024963SSW</subfield>
    <subfield code="r">2024-01-23 14:41:17</subfield>
    <subfield code="w">2024-01-23</subfield>
    <subfield code="y">TXB</subfield>
  </datafield>
  <datafield tag="952" ind1=" " ind2=" ">
    <subfield code="0">0</subfield>
    <subfield code="1">0</subfield>
    <subfield code="2">ddc</subfield>
    <subfield code="4">0</subfield>
    <subfield code="7">0</subfield>
    <subfield code="a">12.28</subfield>
    <subfield code="b">12.28</subfield>
    <subfield code="d">2016-10-21</subfield>
    <subfield code="l">0</subfield>
    <subfield code="o">P Year 2 [E]</subfield>
    <subfield code="p">00024968SSW</subfield>
    <subfield code="r">2024-01-23 14:41:17</subfield>
    <subfield code="w">2024-01-23</subfield>
    <subfield code="y">TXB</subfield>
  </datafield>
  <datafield tag="952" ind1=" " ind2=" ">
    <subfield code="0">0</subfield>
    <subfield code="1">0</subfield>
    <subfield code="2">ddc</subfield>
    <subfield code="4">0</subfield>
    <subfield code="7">0</subfield>
    <subfield code="a">12.28</subfield>
    <subfield code="b">12.28</subfield>
    <subfield code="d">2016-10-21</subfield>
    <subfield code="l">0</subfield>
    <subfield code="o">P Year 2 [E]</subfield>
    <subfield code="p">00024971SSW</subfield>
    <subfield code="r">2024-01-23 14:41:17</subfield>
    <subfield code="w">2024-01-23</subfield>
    <subfield code="y">TXB</subfield>
  </datafield>
  <datafield tag="952" ind1=" " ind2=" ">
    <subfield code="0">0</subfield>
    <subfield code="1">0</subfield>
    <subfield code="2">ddc</subfield>
    <subfield code="4">0</subfield>
    <subfield code="7">0</subfield>
    <subfield code="a">12.28</subfield>
    <subfield code="b">12.28</subfield>
    <subfield code="d">2016-10-21</subfield>
    <subfield code="l">0</subfield>
    <subfield code="o">P Year 2 [E]</subfield>
    <subfield code="p">00024976SSW</subfield>
    <subfield code="r">2024-01-23 14:41:17</subfield>
    <subfield code="w">2024-01-23</subfield>
    <subfield code="y">TXB</subfield>
  </datafield>
  <datafield tag="999" ind1=" " ind2=" ">
    <subfield code="c">109309</subfield>
    <subfield code="d">109309</subfield>
  </datafield>
</record>
